Na Hanyate (Record no. 3245)

MARC details
000 -LEADER
fixed length control field 00498cam a2200205ua 4500
001 - CONTROL NUMBER
control field 3403
005 - DATE AND TIME OF LATEST TRANSACTION
control field 20260515113655.0
008 - FIXED-LENGTH DATA ELEMENTS--GENERAL INFORMATION
fixed length control field 111022n ii |||gr||||Z||||||asm
040 ## - CATALOGING SOURCE
Transcribing agency MAIN
082 ## - DEWEY DECIMAL CLASSIFICATION NUMBER
Classification number 891.4513
100 1# - MAIN ENTRY--PERSONAL NAME
Personal name Devi, Maitreye,
245 11 - TITLE STATEMENT
Title Na Hanyate
Statement of responsibility, etc. by Maitreye Devi
250 ## - EDITION STATEMENT
Edition statement 2nd.
260 ## - PUBLICATION, DISTRIBUTION, ETC.
Place of publication, distribution, etc. Kolkata:
Name of publisher, distributor, etc. Bhawani Publishing concern,986.
300 ## - PHYSICAL DESCRIPTION
Extent 303p:
Dimensions 23cm.
653 ## - INDEX TERM--UNCONTROLLED
Uncontrolled term Assamese novel
653 ## - INDEX TERM--UNCONTROLLED
Uncontrolled term Na Hanyate
700 ## - ADDED ENTRY--PERSONAL NAME
Personal name Sen, Manu,
Relator term Translated.
942 ## - ADDED ENTRY ELEMENTS (KOHA)
Koha item type Books
Holdings
Withdrawn status Lost status Damaged status Not for loan Home library Current library Shelving location Date acquired Total checkouts Full call number Barcode Date last seen Copy number Price effective from Koha item type
        Naharkatiya College Library Naharkatiya College Library General stacks 09/19/2020   891.4513 | DEV 8483 09/19/2020 1 09/19/2020 Books